Flugzeugflotten Teil 6-Air France - Statistiken

Allgemein
  • Dieses Quiz wurde 90 mal gespielt
  • Das Durchschnittsergebnis liegt bei 10 aus 11
Antwortstatistiken
Anzahl Flugzeugtyp % Korrekt
36 Airbus A320-200
100%
10 Airbus A319-100
97%
11 Airbus A321-200
96%
35 Airbus A350-900
93%
43 Boeing 777-300ER
92%
10 Boeing 787-9
92%
4 Airbus A321-100
90%
6 Airbus A318-100
89%
18 Boeing 777-200ER
89%
11 Airbus A330-200
86%
40 Airbus A220-300
68%
Keine übereinstimmenden Quizze gefunden
Verteilung der Resultate
Anzahl Personen mit jedem Resultat
Perzentil nach korrekt beantworteten Fragen
Ihre Resultats-Entwicklung
Sie haben dieses Quiz noch nicht gespielt